00561nam a2200193Ia 4500008004100000020000700041082001700048100001800065245001800083250000700101260003800108300003200146500000700178600003300185650001500218942000700233952011200240999001500352240925s9999 xx 000 0 und d aNA a891.4391 JAV aJaved, Rasool 0aRang w ahang  aNA aKarachi:bRasool Mat Karac,1995. aVarious pagesbNAfOriginal aNA aHumanities & Natural Science aLiterature cBK 001040708HUMaUITUbUITUd1998-07-12eGift l0o891.4391 JAVpQ1817r2024-09-25 07:12:34w2024-09-25yBK c4316d4316